Leadership Skills: a Study in Hochiminh City, Vietnam
Hodnotenie vodcovských schopností vo vietnamských podnikoch a štúdium rozdielov medzi pohlaviami, postavením a skúsenosťami s vodcovskými schopnosťami spoločností vo Vietname. Vodcovské schopnosti v podnikoch vo Vietname merateľné prostredníctvom kognitívnych zručností, medziľudských zručností, obch...
Salvato in:
| Autore principale: | |
|---|---|
| Natura: | Capitolo di libro |
| Lingua: | inglese |
| Soggetti: | |
| Tags: |
Nessun Tag, puoi essere il primo ad aggiungerne!!
|
MARC
| LEADER | 00000naa a2200000 4500 | ||
|---|---|---|---|
| 001 | 0263982 | ||
| 005 | 20250716103908.5 | ||
| 041 | 0 | |a eng | |
| 044 | |a CZ | ||
| 245 | 1 | 0 | |a Leadership Skills: a Study in Hochiminh City, Vietnam |c Tran Thi Bich Nhung |
| 520 | |a Hodnotenie vodcovských schopností vo vietnamských podnikoch a štúdium rozdielov medzi pohlaviami, postavením a skúsenosťami s vodcovskými schopnosťami spoločností vo Vietname. Vodcovské schopnosti v podnikoch vo Vietname merateľné prostredníctvom kognitívnych zručností, medziľudských zručností, obchodných zručností a strategických zručností. | ||
| 610 | 2 | 0 | |a schopnosti pracovné |
| 610 | 2 | 0 | |a vodcovstvo |
| 610 | 2 | 0 | |a muži |
| 610 | 2 | 0 | |a ženy |
| 610 | 2 | 0 | |a Vietnam |
| 610 | 2 | 0 | |a podnik |
| 610 | 2 | 0 | |a zručnosti |
| 100 | 1 | |a Nhung, Tran Thi Bich | |